000 01578nam a2200313 i 4500
003 EG-GICUC
005 20260406132300.0
008 260406s2003 gz ||fr|||| 00| 0 ara d
040 _a EG-GICUC
_bara
_c EG-GICUC
_d EG-GICUC
_erda
041 1 _aara
082 0 4 _221
_a341.75
_bع ي . م
092 0 4 _221
099 _aLaw1 11 341.75 ع ي . م 1 ed - 2003
100 0 _aعيسى دباح
_eمؤلف.
245 1 2 _aموسوعة القانون الدولي :
_bاهم الاتفاقيات والقرارات والبياناتوالوثائق الدولية للقرن العشرينفي مجال القانون الدولي العام.
_nالمجلد الرابع،
_pالقانون الاقتصادي الدولي والتجارة الدولية - القانون الدولي في مجال حماية البيئة القانون الدولي في مجال الثقافة /
_cإعداد الدكتور عيسى دباح.
250 _aالطبعة العربية الأولي
264 1 _aرام الله :
_bدار الشرق،
_c2003.
300 _a516 صفحة,
_c24 سم.
336 _2rda content
_atext
337 _2rda media
_aComputer
338 _2rda carrier
_aOnline Resource
504 _aيشتمل على إرجاعات ببليوجرافية.
546 _aالنص باللغة العربية
590 _aإهداء مكتبة الأستاذ الدكتور صلاح عامر
650 1 4 _aالقانون الدولي العام
856 4 0 _uhttps://fll.law.cu.edu.eg/fulltext/bks/B11-09388.pdf
905 _a48
942 _2ddc
_cBK
_e21
_n0
999 _c69311
_d69311